Španělsko v roce 1992.

Rok 1992 je pre Španielsko charakterizovaný výročím objavenia Ameriky a svetovou výstavou EXPO '92. Stagnácia turistického ruchu, jej príčiny a dôsledky. Dobrá pozícia španielskej meny. Inflácia a jej sociálne dopady, štrajky a kritika opozície.

Gespeichert in:
Bibliographische Detailangaben
1. Verfasser: Beneš, V.
Format: Buchkapitel
Sprache:Tschechisch
Schlagworte:
Tags: Tag hinzufügen
Keine Tags, Fügen Sie das erste Tag hinzu!

MARC

LEADER 00000naa a2200000 4500
001 r007742
005 20220831085307.4
041 0 |a cze 
044 |a [CS] 
245 1 0 |a Španělsko v roce 1992.  |c V. Beneš 
520 |a Rok 1992 je pre Španielsko charakterizovaný výročím objavenia Ameriky a svetovou výstavou EXPO '92. Stagnácia turistického ruchu, jej príčiny a dôsledky. Dobrá pozícia španielskej meny. Inflácia a jej sociálne dopady, štrajky a kritika opozície. 
610 2 0 |a Španielsko 
610 2 0 |a hospodárstvo národné 
610 2 0 |a ruch cestovný 
610 2 0 |a 1992 
610 2 0 |a mena 
610 2 0 |a inflácia 
100 1 |a Beneš, V.